[Event "FRA-ch U12 Girls"]
[Site "Calvi"]
[Date "2005.04.17"]
[Round "1"]
[White "Cidolit, Kati"]
[Black "Khan, Mai Ly"]
[Result "0-1"]
[WhiteElo "1340"]
[BlackElo "1610"]
[PlyCount "82"]
[EventDate "2005.04.??"]
[EventType "swiss"]
[EventRounds "9"]
[EventCountry "FRA"]
[SourceTitle "EXT 2006"]
[Source "ChessBase"]
[SourceDate "2005.11.24"]
[SourceVersion "1"]
[SourceVersionDate "2005.11.24"]
[SourceQuality "1"]

1. c4 e5 2. Nc3 Nf6 3. g3 Bc5 4. Bg2 Nc6 5. Nf3 d6 6. 0-0 Bg4 7. d3 0-0 8. Bg5 h6 9. Bxf6 Qxf6 10. Nd5 Qd8 11. Qc2 Ne7 12. Nc3 Nf5 13. e4 Bxf3 14. Bxf3 Nd4 15. Qd1 Re8 16. Bg2 Re6 17. Bh3 Rg6 18. Nd5 c6 19. Ne3 Qb6 20. b3 Ne6 21. Ng4 Bd4 22. Rc1 h5 23. Ne3 Bxe3 24. fxe3 Qxe3+ 25. Kh1 h4 26. Rf3 Qh6 27. g4 Nf4 28. Rc2 Qg5 29. Rf1 Nxh3 30. Rg2 Nf4 31. Rgg1 Rd8 32. a4 d5 33. exd5 cxd5 34. c5 d4 35. b4 Qf6 36. Qf3 Qa6 37. a5 Qxd3 38. Qxb7 Rf6 39. g5 Rg6 40. Qe7 Qe4+ 41. Rg2 Qxg2# 0-1

[Event "FRA-ch U08 Girls"]
[Site "Hyeres"]
[Date "2002.??.??"]
[Round "4.4"]
[White "Neuhauser, Salome"]
[Black "Cidolit, Kati"]
[Result "1-0"]
[WhiteElo "1130"]
[BlackElo "1009"]
[PlyCount "38"]
[EventDate "2002.04.05"]
[EventType "swiss"]
[EventRounds "9"]
[EventCountry "FRA"]
[SourceTitle "EXT 2003"]
[Source "ChessBase"]
[SourceDate "2002.11.25"]
[SourceVersion "1"]
[SourceVersionDate "2002.11.25"]
[SourceQuality "1"]

1. d4 d5 2. c4 dxc4 3. e4 Nf6 4. Nc3 e6 5. Bxc4 Bb4 6. Nf3 0-0 7. Bf4 Nc6 8. 0-0 Bd7 9. Qc2 Be8 10. Ng5 Ng4 11. e5 g6 12. Qd3 Ngxe5 13. Qh3 h5 14. dxe5 Nxe5 15. Rad1 Qf6 16. Qh4 Bc6 17. Rfe1 Nxc4 18. Nce4 Bxe4 19. Rxe4 Nxb2 1-0